| 000 | 01412cam a2200337 i 4500 | ||
|---|---|---|---|
| 001 | 24325 | ||
| 003 | Mx-PuUPA | ||
| 005 | 20250908115545.0 | ||
| 008 | 140415s1998 mx gr 001 0 spa d | ||
| 020 | _a968842790X | ||
| 040 |
_aMx-PuUPA _bspa _cMx-PuUPA _dMx-PuUPA _erda |
||
| 041 | 0 | _aspa | |
| 100 | 1 |
_aBardach, Eugene, _917052 _eautor |
|
| 245 | 1 | 4 |
_aLos ocho pasos para el análisis de políticas públicas : _bun manual para la práctica / _cEugene Bardach |
| 250 |
_aPrimera edición / _bmarzo |
||
| 264 | 1 |
_aMéxico, D.F. : _bMiguel Ángel Porrúa, _c1998 _c©2004 |
|
| 300 |
_a150 páginas ; _c23 cm |
||
| 336 |
_2rdacontent _atexto _btxt |
||
| 337 |
_2rdamedia _asin medio _bn |
||
| 338 |
_2rdacarrier _avolumen _bnc |
||
| 500 | _aReimpresiones: (primera reimpresión, julio, 1999 ; segunda reimpresión, marzo, 2001 ; tercera reimpresión, diciembre, 2004). | ||
| 650 | 7 |
_2armarc _aAdministración pública _vManuales, etc. |
|
| 650 | 7 |
_2armarc _aAdministración pública (ciencia) _vGuías, manuales, etc. |
|
| 650 | 7 |
_2armarc _aAdministración pública _xInvestigación _xMetodología |
|
| 650 | 7 |
_2armarc _aCiencias políticas _vManuales |
|
| 942 |
_2ddc _cLI _h320.6 _iB22 |
||
| 999 |
_c24325 _d24325 |
||